=LDR 00000nam 2200000 4500 =001 INLIS000000000008719 =005 20130612100544 =008 ***********************************Ind** =035 ##$$0010-061300000008719 =041 ##$$a Ind =082 ##$$a 320.507 =090 ##$$a 320.507, Pen P =245 ##$$a PPKN 3 Klas III =260 ##$$a 2000 $b Semarang =300 ##$$a X,119 hlm, Ilus, 30 cm =650 ##$$a Pancasila-Studi dan Pengajaran =850 ##$$a NBPNMAT